000 00465nam a2200157Ia 4500
008 100122s9999 xx 000 0 und d
082 _b44119
_a808.6
100 _aचौधरी गणेश
245 _aकाचेचं मन
260 _bमॅजेस्टिक प्रकाशन
_c1990
300 _a159
630 _aकाचेचं मन
700 _aघारे दीपक
730 _aकाचेचं मन
942 _cBOOK
999 _c423966
_d423963